zpět

Detail výsledku týmu

Kozlovna U Ježka, Ostrava

Datum a čas kvízu

28 Celkem bodů Celkový počet nahraných bodů na tomto kvízu bez doplňovacích otázek.
4. Pořadí na kvízu Konečné umístění týmu na tomto kvízu.

Zaznamenané odpovědi

# Otázka Odpověď Body Výsledky
1. Prezidentská kancelář zveřejni... špatná akustika 1
2. Minulý týden soud osvobodil čt... v Belgii 0
3. Mezinárodní filmový festival K... Ivan Trojan 1
4. V pátek se v pražském hotelu M... mince 1
5. V dohrávce 29. kola fotbalové... Arsenal, 5:0 1
6. Bešamelová omáčka se standardn... muškátovým oříškem/květem 0
7. Napište zakrytou značku zobraz... Kikkoman 0
8. Když se řekne omáčka, určitě s... 15 0
9. Město Worcester dalo jméno jed... C; ločidlo 0
10. Jak se označuje tato omáčka (z... holandská omáčka; vejce Benedikt 1